Curso de geografía / (Record no. 125517)
[ view plain ]
| 000 -LEADER | |
|---|---|
| campo de control de longitud fija | 01061cam a22002297i 4500 |
| 001 - NÚMERO DE CONTROL | |
| campo de control | 125517 |
| 003 - IDENTIFICADOR DE NÚMERO DE CONTROL | |
| campo de control | ES-MaACL |
| 005 - FECHA Y HORA DE LA ÚLTIMA TRANSACCIÓN | |
| campo de control | 20251009165406.0 |
| 007 - CAMPO FIJO DE DESCRIPCIÓN FÍSICA--INFORMACIÓN GENERAL | |
| campo de control de longitud fija | t| |
| 008 - DATOS DE LONGITUD FIJA--INFORMACIÓN GENERAL | |
| campo de control de longitud fija | 070615m19261934sp ||||0| spa d |
| 080 ## - NÚMERO DE LA CLASIFICACIÓN DECIMAL UNIVERSAL | |
| Número de la Clasificación Decimal Universal | 913(100) |
| 100 1# - ENTRADA PRINCIPAL--NOMBRE DE PERSONA | |
| Nombre de persona | Vidal de La Blache, Paul. |
| 9 (RLIN) | 114479 |
| 245 10 - MENCIÓN DEL TÍTULO | |
| Título | Curso de geografía / |
| Mención de responsabilidad, etc. | P. Vidal de la Blache y P. Camena d'Almeida ; adaptado a las necesidades de España y América por Antonio Blázquez. |
| 260 ## - PUBLICACIÓN, DISTRIBUCIÓN, ETC. | |
| Lugar de publicación, distribución, etc. | Barcelona : |
| Nombre del editor, distribuidor, etc. | [s.n.], |
| Fecha de publicación, distribución, etc. | 1926-1934 ( |
| Lugar de fabricación/manufactura | Sucesores de Juan Gili) |
| 300 ## - DESCRIPCIÓN FÍSICA | |
| Extensión | 6 v : |
| Otras características físicas | il., mapas ; |
| Dimensiones | 19 cm. |
| 505 8# - NOTA DE CONTENIDO CON FORMATO | |
| Nota de contenido con formato | Contiene: 1. La tierra, geografía general (639 p.) - 2. Europa (512 p.) - 3. Península ibérica (618 p.) - 4. Asia, India insular, África (534 p.) - 5. América septentrional, América central, Las Antillas (531 p.) - 6. América meridional, Oceanía (660 p.) |
| 650 #7 - PUNTO DE ACCESO ADICIONAL DE MATERIA--TÉRMINO DE MATERIA | |
| Término de materia o nombre geográfico como elemento de entrada | Geografía |
| Fuente del encabezamiento o término | embne |
| 9 (RLIN) | 13070 |
| 700 1# - ENTRADA AGREGADA--NOMBRE PERSONAL | |
| Nombre de persona | Camena d'Almeida, Pierre, |
| Fechas asociadas al nombre | 1865-1943 |
| 9 (RLIN) | 34052 |
| 700 1# - ENTRADA AGREGADA--NOMBRE PERSONAL | |
| Nombre de persona | Blázquez, Antonio, |
| Fechas asociadas al nombre | 1859-1950 |
| 9 (RLIN) | 29437 |
| 852 ## - LOCALIZACIÓN | |
| Ubicación | ES-MaACL |
| Número de control de estantería | B-9166-71 |
| Estatus retirado | Estado de pérdida | Estado de daño | No para préstamo | Biblioteca de origen | Biblioteca actual | Ubicación en estantería | Fecha de adquisición | Fuente de adquisición | Total de préstamos | Signatura topográfica completa | Código de barras | Visto por última vez | Precio de reemplazo | Tipo de ítem Koha |
|---|---|---|---|---|---|---|---|---|---|---|---|---|---|---|
| Biblioteca del Ateneo de Madrid | Biblioteca del Ateneo de Madrid | Sala Pardo Bazán | 17/01/2008 | B-9166-71 | 1130756 | 23/02/2023 | 23/02/2023 | Libro impreso |
